| 000 | 00918nam a22002657a 4500 | ||
|---|---|---|---|
| 003 | AUA.1 | ||
| 005 | 20250929183008.0 | ||
| 008 | 111220t xxu||||| |||| 00| 0 eng d | ||
| 010 | _a8171768 | ||
| 020 | _a0849902231 | ||
| 040 | _cFF | ||
| 050 |
_aBS491.2 _b.W67 1985 |
||
| 100 |
_aWatts, John D. W. _917992 |
||
| 245 |
_aWord Biblical commentary : _bIsaiah 1-33 / _cJohn D. W. Watts. |
||
| 260 |
_aWaco, Texas : _bWord Books, _cc1985. |
||
| 300 |
_alvii, 448 p. : _c24 cm. |
||
| 440 |
_aWord Biblical commentary : _nv.24 _948969 |
||
| 504 | _ainclude bibliography and index. | ||
| 650 |
_vIsaiah _xBible _yCommentaries _917993 |
||
| 700 |
_aHubbard, David A. _917994 _4General ed. |
||
| 700 |
_aBarker, Glenn W. _4General ed. _948970 |
||
| 700 |
_aWatts, John, D. W. _4Old Testament ed. _948971 |
||
| 700 |
_aMartin, Ralph P. _4New Testament ed. _948972 |
||
| 942 |
_2lcc _cREF _hBS 491.2 _i.W67 1985 |
||
| 999 |
_c5186 _d5186 |
||